000 00563nam a2200205Ia 4500
001 14976
003 GE_BSU
008 181216s||||||||xx |||||||||||||| ||und||
040 _cGE_BSU
080 _a514.113
100 _aБескин,Н.М.
245 _aИзображения пространственных фигур
245 _cРед.А.Ф.Лапко
260 _aМосква
260 _bНаука
260 _c1971
300 _a80стр.20см.
653 _aИзображения пространственных фигур
942 _cBK
999 _c48095
_d48095